000 00489nam a2200181Ia 4500
001 16015
005 20260306170238.0
008 260306t2006||||xx |||||||||||||| ||und||
041 _aESP
082 _a346.52
_bM89
100 _aDe los Mozos, José Luis
_eAUT
245 0 _aResponsabilidad civil. Derecho de daños:
_bteoría general de la responsabilidad civil
260 _c2006
300 _a801 páginas :
_c24 cm.
650 _aGEN
654 _aCDE
942 _cLIB
_dJUS
_fJUS
_2ddc
_n
999 _c16015
_d16015